Routledge Companion to Audiences and the Performing Arts (Record no. 33052)
[ view plain ]
| 000 -LEADER | |
|---|---|
| fixed length control field | 00438nam a2200109Ia 4500 |
| 008 - FIXED-LENGTH DATA ELEMENTS--GENERAL INFORMATION | |
| fixed length control field | 220620s9999||||xx |||||||||||||| ||und|| |
| 245 #0 - TITLE STATEMENT | |
| Title | Routledge Companion to Audiences and the Performing Arts |
| 546 ## - LANGUAGE NOTE | |
| Language note | English[eng] |
| 650 ## - SUBJECT ADDED ENTRY--TOPICAL TERM | |
| Topical term or geographic name entry element | audience, performance, theatre, dance, opera, music, history, arts management, cultural policy studies, sociology |
| 700 ## - ADDED ENTRY--PERSONAL NAME | |
| Personal name | Reason, Matthew||Conner, Lynne||Johanson, Katya||Walmsley, Ben |
| 942 ## - ADDED ENTRY ELEMENTS (KOHA) | |
| Koha item type | E-Books |
| Withdrawn status | Lost status | Damaged status | Not for loan | Home library | Current library | Date acquired | Total Checkouts | Date last seen | Price effective from | Koha item type |
|---|---|---|---|---|---|---|---|---|---|---|
| Kerala University of Digital Sciences, Innovation and Technology Knowledge Centre | Kerala University of Digital Sciences, Innovation and Technology Knowledge Centre | 20/06/2022 | 20/06/2022 | 20/06/2022 | E-Books |